|
|
|
|
| LEADER |
00777nam a22002292a 4500 |
| 001 |
000398779 |
| 003 |
CZ BrMZK |
| 005 |
20160712153006.0 |
| 007 |
ta |
| 008 |
010907s1989 xr f cze d |
| 040 |
|
|
|a BOA001
|b cze
|c BOA001
|
| 080 |
|
|
|a 631.234
|2 MRF
|
| 100 |
1 |
|
|a Šamla, Jiří,
|d 1913-1994
|7 jk01122476
|4 aut
|
| 245 |
1 |
0 |
|a Stavíme skleník z láhví /
|c Jiří Šamla
|
| 250 |
|
|
|a 1. vyd.
|
| 260 |
|
|
|a Brno :
|b SZO pěstitelů citrusů, tropických a subtropiských rostlin Brno-město,
|c 1989
|
| 300 |
|
|
|a 15 s.
|
| 490 |
1 |
|
|a Knižnice brněnského Citrusáře ;
|v sv. 5
|
| 830 |
|
0 |
|a Knižnice brněnského Citrusáře
|
| 910 |
|
|
|a BOA001
|b X-0946.347
|
| 990 |
|
|
|a BK
|
| 996 |
6 |
|
|b 2619784998
|c X-0946.347
|l MZK
|r Sklad / do 24 hodin
|n 6
|w 000398779
|u 000010
|a 1
|e BOA001
|j MZK50
|s P
|